My Kumaon : (Record no. 68188)

MARC details
000 -LEADER
fixed length control field 00749nam a22002297a 4500
005 - DATE AND TIME OF LATEST TRANSACTION
control field 20140507125801.0
010 ## - LCCN (DPL NO)
LC control number ENG-105469
020 ## - INTERNATIONAL STANDARD BOOK NUMBER
International Standard Book Number 9780198082897
Terms of availability 225.00
020 ## - INTERNATIONAL STANDARD BOOK NUMBER
International Standard Book Number 0198082894
Terms of availability 225.00
035 ## - SYSTEM CONTROL NUMBER
System control number EN-89002
035 ## - SYSTEM CONTROL NUMBER
System control number B-514033-038
037 ## - SOURCE OF ACQUISITION
Source of stock number/acquisition DBAD/PUB
082 ## - DEWEY DECIMAL CLASSIFICATION NUMBER
Classification number 799.260824
082 ## - DEWEY DECIMAL CLASSIFICATION NUMBER
Classification number 799.2092
100 ## - MAIN ENTRY--PERSONAL NAME
Personal name Corbett, Jim
245 ## - TITLE STATEMENT
Title My Kumaon :
Statement of responsibility, etc by Jim Corbett
Remainder of title uncollected writings /
260 ## - PUBLICATION, DISTRIBUTION, ETC. (IMPRINT)
Place of publication, distribution, etc New Delhi
Name of publisher, distributor, etc Oxford University Press
Date of publication, distribution, etc 2012
270 ## - ADDRESS
Address YMCA Library Building.1 Jai Singh Road,
City New Delhi
Postal code 110001
300 ## - PHYSICAL DESCRIPTION
Extent xx,142p.
Dimensions 22cm(pbk)
Other physical details ill
942 ## - ADDED ENTRY ELEMENTS (KOHA)
Source of classification or shelving scheme Dewey Decimal Classification
Item type English Books
Classification part 799.2092
Call number suffix COR
Holdings
Withdrawn status Lost status Not for loan Collection code Home library Current library Date acquired Source of acquisition Cost, normal purchase price Full call number Barcode Copy number Cost, replacement price Koha item type
      Non-fiction Central Library Central Library 07/05/2014 BSB/892/14.03.2013/169/08.03.2013/23.03.2013 225.00 799.2092 COR B-514033 1 225.00 English Books
    Not For Loan Non-fiction D.B.Act.Division D.B.Act.Division 26/06/2012 DBAD / PUB 225.00 799.260824 COR EN-89002 1 225.00 English Books
      Non-fiction Janak Puri Janak Puri 07/05/2014 BSB/892/14.03.2013/169/08.03.2013/23.03.2013 225.00 799.2092 COR B-514036 1 225.00 English Books
      Non-fiction Karol Bagh Karol Bagh 07/05/2014 BSB/892/14.03.2013/169/08.03.2013/23.03.2013 225.00 799.2092 COR B-514037 1 225.00 English Books
      Non-fiction Kasturba Gandhi Marg Kasturba Gandhi Marg 07/05/2014 BSB/892/14.03.2013/169/08.03.2013/23.03.2013 225.00 799.2092 COR B-514035 1 225.00 English Books
      Non-fiction Narela Narela 07/05/2014 BSB/892/14.03.2013/169/08.03.2013/23.03.2013 225.00 799.2092 COR B-514038 1 225.00 English Books
      Non-fiction Patel Nagar Patel Nagar 07/05/2014 BSB/892/14.03.2013/169/08.03.2013/23.03.2013 225.00 799.2092 COR B-514034 1 225.00 English Books

© Delhi Public Library
Hit Counter
free hit counter